000 00385nam a22001577a 4500
003 OSt
008 250424b |||||||| |||| 00| 0 eng d
020 _a9788185790565
100 _aSavant, D.A
245 _aPharmaceutical Sciences Pharma Pathway
250 _a17 th
260 _aDelhi
_bNirali
_c2021
300 _a7.16
650 _aPharmaceutical Jurispridence
942 _2ddc
_cBK
999 _c13421
_d13421